| 000 | 01092nam a2200265 i 4500 | ||
|---|---|---|---|
| 001 | 89002 | ||
| 003 | ES-MaACL | ||
| 005 | 20250831091718.0 | ||
| 007 | t| | ||
| 008 | 050124s2003 sp ||||1| spa d | ||
| 020 | _a84-7491-739-5 | ||
| 080 | _a342.821-055.2(460)(091)(060.64) | ||
| 245 | 0 | 3 |
_aEl voto de las mujeres, 1877-1978 _b: exposición : Biblioteca Nacional (sala Siglo XX), 4 de noviembre-7 de diciembre de 2003 / _c[organizada por la] Fundación Pablo Iglesias, con la colaboración de Universidad Complutense de Madrid y Biblioteca Nacional. |
| 260 |
_aMadrid : _bEditorial Complutense, _c[2003] |
||
| 300 |
_a183 p. : _bil. col. y n. ; _c24 cm. |
||
| 500 | _aCronología: p. 153-156. | ||
| 504 | _aBibliografía: p. 159-160. | ||
| 650 | 1 | 7 |
_aMujeres- _xVoto- _zEspaña- _vExposiciones _2 _9171400 |
| 650 | 4 |
_aFeminismo- _zEspaña- _vHistoria. _912746 |
|
| 710 | 2 |
_aFundación Pablo Iglesias _94374 |
|
| 710 | 2 |
_aUniversidad Complutense de Madrid. _97098 |
|
| 710 | 2 |
_aBiblioteca Nacional (España) _92188 |
|
| 852 |
_aES-MaACL _jL-28632 |
||
| 999 |
_c89002 _d89002 |
||